Score 0/25 Timer 12:00
0 Plays Today
Hint Answer % Correct
2:45-3:00Steins;Gate
77.4%
2:30-2:45Baccano
73.4%
4:15-4:30Psycho Pass
52.2%
3:15-3:30Working!!
51.2%
3:00-3:15Hyouka
47.1%
1:15-1:30Gosick
44.6%
5:45-6:00Mondaiji-tachi ga Isekai kara Kuru Sou Desu yo?
39.5%
1:00-1:15Fate/Stay Night
36%
0:30-0:45Princess Principal
35.4%
1:30-1:45Idolm@ster
34.8%
0:00-0:15Zero no Tsukaima
34.1%
4:45-5:00JoJo no Kimyou na Bouken: Diamond wa Kudakenai
33.5%
0:45-1:00Busou Renkin
31.8%
Hint Answer % Correct
0:15-0:30Masamune-Kun no Revenge
27.5%
1:45-2:00Ping Pong the Animation
26%
5:15-5:30Trinity Seven
22.4%
5:00-5:15Chaos;Head
22.2%
6:00-6:15Shuffle!
21.7%
3:30-3:45.hack//Sign
20.2%
4:30-4:45Ranpo Kitan: Game of Laplace
19.6%
3:45-4:00C: The Money of Soul and Possibility Control
17.3%
2:15-2:30Kyousougiga
12.8%
4:00-4:15High School Fleet
11.9%
5:30-5:45Senki Zesshou Symphogear
11.3%
2:00-2:15Dennou Coil
9.4%
Remove Ads.
Support Sporcle.
Get the best of Sporcle when you Go Orange. This ad-free experience offers more features, more stats, and more fun while also helping to support Sporcle. Thank you for becoming a member.

You're not logged in!

Compare scores with friends on all Sporcle quizzes.
OR
Log In

Sporcle TV

Today on Sporcle TV


Watch our educational content, quiz creation guides, and fun videos on Sporcle TV.

Show Comments

Extras

Top Quizzes Today


Score Distribution

Paid Content

Your Account Isn't Verified!

In order to create a playlist on Sporcle, you need to verify the email address you used during registration. Go to your Sporcle Settings to finish the process.

Report this User

Report this user for behavior that violates our Community Guidelines.

Details: